LIBRARY ONLINE CATALOGUE

An Inquiry into the justification and necessity of state criminal punishments / (Record no. 15484)

MARC details
000 -LEADER
fixed length control field 00500cam a22001692 4500
001 - CONTROL NUMBER
control field 0000024642
005 - DATE AND TIME OF LATEST TRANSACTION
control field 20151217161644.0
008 - FIXED-LENGTH DATA ELEMENTS--GENERAL INFORMATION
fixed length control field 140123s xx 000 0 eng d
040 ## - CATALOGING SOURCE
Original cataloging agency KABU
Transcribing agency KABU
100 1# - MAIN ENTRY--PERSONAL NAME
Personal name Asitiba, Atenya Rodgers.
-- 0000185022
245 13 - TITLE STATEMENT
Title An Inquiry into the justification and necessity of state criminal punishments /
Statement of responsibility, etc. Atenya Rodgers Asitiba.
260 ## - PUBLICATION, DISTRIBUTION, ETC. (IMPRINT)
Date of publication, distribution, etc. 2012.
300 ## - PHYSICAL DESCRIPTION
Extent 66 leaves.
908 ## - PUT COMMAND PARAMETER (RLIN)
Put command parameter 140123
950 ## - LOCAL HOLDINGS (RLIN)
-- 1
Holdings
Withdrawn status Lost status Source of classification or shelving scheme Not for loan Home library Current library Date acquired Total Checkouts Full call number Barcode Date last seen Date last checked out Price effective from Koha item type
    Library of Congress Classification   Kabarak, Main Campus Kabarak, Main Campus 17/12/2015 3 Law PRO7 14/09/2017 14/09/2017 17/12/2015 Thesis, Dissertation and Projecs